En agosto hizo dos años
Guardado en:
| Autor principal: | |
|---|---|
| Formato: | Libro |
| Lenguaje: | Undetermined |
| Publicado: |
San José, Costa Rica
Editorial Costa Rica
1968
|
| Materias: | |
| Etiquetas: |
Agregar Etiqueta
Sin Etiquetas, Sea el primero en etiquetar este registro!
|
MARC
| LEADER | 00000nam a2200000Ia 4500 | ||
|---|---|---|---|
| 008 | 170316s9999 xx 000 0 und d | ||
| 040 | |a cru BVZT | ||
| 090 | |a 868 C-4e | ||
| 100 | |a Cañas, Alberto |9 898 | ||
| 245 | |a En agosto hizo dos años |c / Alberto Cañas | ||
| 260 | |a San José, Costa Rica |b Editorial Costa Rica |c 1968 | ||
| 300 | |a 120 páginas | ||
| 650 | |a LITERATURA COSTARRICENSE |9 17 | ||
| 999 | |c 10838 |d 10838 | ||
| 942 | |c 15 D |h 868 C-4e |2 z | ||
